Malé sudoku

Bibliographic Details
Format: Journal
Language:Slovak
PhysicalDescription:zv. 15 cm
Published: Bratislava Nairam 2012-
ISSN:1338-6441
Subjects:

MARC

LEADER 00000cas a2200000 a 4500
001 vtls010507712
003 SK-MaSNL
005 20260228160309.0
008 130503c20129999xo mr|p 0 0slo
022 |a 1338-6441 
040 |a SNK  |b slo  |c SNK  |e AACR2 
041 0 |a slo 
044 |a xo  |c SK 
072 |a 793  |x Spoločenské zábavy  |2 konspekt 
080 |a 793.7  |2 2011 
080 |a 379.8(051)  |2 2011 
080 |a 050  |2 2011 
210 0 |a Malé sudoku 
222 0 |a Malé sudoku 
245 0 0 |a Malé sudoku 
260 |a Bratislava  |b Nairam  |c 2012- 
300 |a zv.  |c 15 cm 
310 |a 1x mesačne 
362 |a Roč. 1, č. 3=[1] (2012)-  |z KE001/2012 
500 |a Popis podľa: Roč. I, č. 3 (2012) 
500 |a Evidenčné číslo: EV 4535/12 
500 |a Roky 2023 a 2024 majú uvedený rovnaký ročník 12 
650 0 7 |a sudoku  |2 SNKPH  |9 265803 
650 0 7 |a hlavolamy  |2 SNKPH  |9 3312 
655 7 |a časopisy pre voľný čas  |2 SNKPH  |9 70337 
910 |a snk 
999 |c 2087  |d 4017 
952 |0 0  |1 0  |4 0  |7 0  |8 0  |a SNK  |b SNK  |d 2024-03-05  |i snk2024/3701  |l 0  |o snkČSD 2500/10/2021  |p 17A1522760  |r 2026-02-21 19:51:57  |t č. 1-12, neúplné  |w 2026-02-21  |y PREZ  |z Chýba č. 3 
952 |0 0  |1 0  |4 0  |7 0  |8 0  |a SNK  |b SNK  |d 2024-03-05  |i snk2024/3702  |l 0  |o snkČSD 2500/11/2022  |p 17A1522761  |r 2026-02-21 19:51:57  |t č. 1-12, neúplné  |w 2026-02-21  |y PREZ  |z Chýba č. 1 
952 |0 0  |1 0  |4 0  |7 0  |8 0  |a SNK  |b SNK  |d 2024-03-05  |i snk2024/3703  |l 0  |o snkČSD 2500/12/2023  |p 17A1522762  |r 2026-02-21 19:51:57  |t č. 1-12  |w 2026-02-21  |y PREZ 
952 |0 0  |1 0  |4 0  |7 0  |8 0  |a SNK  |b SNK  |d 2022-03-11  |i snk2022/3808  |l 0  |o snkČSD 2500/9/2020  |p 17A1462457  |r 2026-02-21 20:02:11  |t č. 1-12  |w 2026-02-21  |y PREZ 
952 |0 0  |1 0  |4 0  |7 0  |8 0  |a SNK  |b SNK  |d 2025-10-08  |i snk2025/15963  |l 0  |o snkČSD 2500/12/2024  |p 17A1558015  |r 2026-02-21 21:11:17  |t č. 1-12  |w 2026-02-21  |y PREZ  |z Je uvedený chybný ročník 12. Správne by mal byťroč. 13. 
952 |0 0  |1 0  |4 0  |7 0  |8 0  |a SNK  |b SNK  |d 2019-04-03  |i snk2019/9458  |l 0  |o snkČSD 2500/1/2012  |p 17A1365819  |r 2026-02-21 22:04:42  |t č. 1-12, neúplné  |w 2026-02-21  |y PREZ  |z Chýba č. 1,2,4,11 
952 |0 0  |1 0  |4 0  |7 0  |8 0  |a SNK  |b SNK  |d 2019-04-03  |i snk2019/9463  |l 0  |o snkČSD 2500/2/2013  |p 17A1365820  |r 2026-02-21 22:04:42  |t č. 1-12, neúplné  |w 2026-02-21  |y PREZ  |z Chýba č. 1 
952 |0 0  |1 0  |4 0  |7 0  |8 0  |a SNK  |b SNK  |d 2019-04-03  |i snk2019/9465  |l 0  |o snkČSD 2500/3/2014  |p 17A1365821  |r 2026-02-21 22:04:46  |t č. 1-12, neúplné  |w 2026-02-21  |y PREZ  |z Chýba č. 9 
952 |0 0  |1 0  |4 0  |7 0  |8 0  |a SNK  |b SNK  |d 2019-04-03  |i snk2019/9467  |l 0  |o snkČSD 2500/4/2015  |p 17A1365822  |r 2026-02-21 22:04:46  |t č. 1-12  |w 2026-02-21  |y PREZ 
952 |0 0  |1 0  |4 0  |7 0  |8 0  |a SNK  |b SNK  |d 2019-04-03  |i snk2019/9471  |l 0  |o snkČSD 2500/5/2016  |p 17A1365823  |r 2026-02-21 22:04:47  |t č. 1-12  |w 2026-02-21  |y PREZ 
952 |0 0  |1 0  |4 0  |7 0  |8 0  |a SNK  |b SNK  |d 2019-04-03  |i snk2019/9497  |l 0  |o snkČSD 2500/6/2017  |p 17A1365824  |r 2026-02-21 22:04:47  |t č. 1-12  |w 2026-02-21  |y PREZ 
952 |0 0  |1 0  |4 0  |7 0  |8 0  |a SNK  |b SNK  |d 2019-04-03  |i snk2019/9501  |l 0  |o snkČSD 2500/7/2018  |p 17A1365825  |r 2026-02-21 22:05:06  |t č. 1-12  |w 2026-02-21  |y PREZ 
952 |0 0  |1 0  |4 0  |7 0  |8 0  |a SNK  |b SNK  |d 2020-02-07  |i snk2020/2804  |l 0  |o snkČSD 2500/7[8]/2019  |p 17A1386653  |r 2026-02-21 22:20:33  |t č. 1-12, neúplné  |w 2026-02-21  |y PREZ  |z Chýba č. 4 ; č. 1, 2 má označenie roč. 7